Cambridge IELTS 8 : (Record no. 16093)
[ view plain ]
| 000 -LEADER | |
|---|---|
| fixed length control field | 00991nam a22002417a 4500 |
| 008 - FIXED-LENGTH DATA ELEMENTS--GENERAL INFORMATION | |
| fixed length control field | 080804s2011 enk|||||r|||| 000 0 eng d |
| 020 ## - INTERNATIONAL STANDARD BOOK NUMBER | |
| International Standard Book Number | 0521739195 |
| 020 ## - INTERNATIONAL STANDARD BOOK NUMBER | |
| International Standard Book Number | 9780521739191 |
| 020 ## - INTERNATIONAL STANDARD BOOK NUMBER | |
| International Standard Book Number | 9780521173797 (2 CDs) |
| 082 ## - DEWEY DECIMAL CLASSIFICATION NUMBER | |
| Edition number | 22 |
| Classification number | 428.24076 |
| Item number | CAM TR |
| 245 ## - TITLE STATEMENT | |
| Title | Cambridge IELTS 8 : |
| Remainder of title | Examination Papers from University of Cambridge ESOL Examinations / |
| Statement of responsibility, etc | Cambridge ESOL |
| 260 ## - PUBLICATION, DISTRIBUTION, ETC. (IMPRINT) | |
| Place of publication, distribution, etc | New York : |
| Name of publisher, distributor, etc | Cambridge University press,2011 |
| Date of publication, distribution, etc | 2011 |
| 300 ## - PHYSICAL DESCRIPTION | |
| Extent | 176 p. : |
| Other physical details | ill. ; |
| Dimensions | 24 cm. + |
| Accompanying material | 2 CD-ROMs (4 3/4 in.) |
| 500 ## - GENERAL NOTE | |
| General note | Cover title: "Official examination papers from University of Cambridge ESOL Examinations" |
| 500 ## - GENERAL NOTE | |
| General note | "Past papers."--Cover. |
| 500 ## - GENERAL NOTE | |
| General note | "Past papers."--Cover. |
| 650 ## - SUBJECT ADDED ENTRY--TOPICAL TERM | |
| 9 (RLIN) | 10201 |
| Topical term or geographic name as entry element | English language |
| Form subdivision | Textbooks for foreign speakers. |
| 650 ## - SUBJECT ADDED ENTRY--TOPICAL TERM | |
| 9 (RLIN) | 9157 |
| Topical term or geographic name as entry element | English language |
| Form subdivision | Examinations, questions, etc. |
| 653 ## - INDEX TERM--UNCONTROLLED | |
| Resource For college | |
| Arrived date list | September2011 |
| 650 ## - SUBJECT ADDED ENTRY--TOPICAL TERM | |
| 9 (RLIN) | 13550 |
| Topical term or geographic name as entry element | International English Language Testing System |
| 710 ## - ADDED ENTRY--CORPORATE NAME | |
| 9 (RLIN) | 38 |
| Corporate name or jurisdiction name as entry element | Cambridge University |
| 942 ## - ADDED ENTRY ELEMENTS (KOHA) | |
| Source of classification or shelving scheme | Dewey Decimal Classification |
| Item type | Book - Borrowing |
| Withdrawn status | Item status | Source of classification or shelving scheme | Damaged status | Not for loan | Vendor | Home library | Current library | Shelving location | Date acquired | Source of acquisition | Total Checkouts | Total Renewals | Full call number | Barcode | Checked out | Date last seen | Date last borrowed | Koha item type |
|---|---|---|---|---|---|---|---|---|---|---|---|---|---|---|---|---|---|---|
| Dewey Decimal Classification | Baccah | Central Library | Central Library | Second Floor | 28/09/2011 | 4 | 14 | 428.24076 CAM TR | 000024940 | 01/01/2020 | 05/02/2013 | 05/02/2013 | Book - Teacher Resource | |||||
| Dewey Decimal Classification | Baccah | Central Library | Central Library | Second Floor | 28/09/2011 | 3 | 9 | 428.24076 CAM TR | 000024941 | 24/08/2022 | 20/01/2021 | CD | DVD - With Teacher Resource |